Equipe de France - Les joueurs qui ont marqué plus de 10 buts - Statistiques

Statistiques générales
  • Ce quiz a été pris 293 fois
  • Le résultat moyen est 16 sur 39
Statistiques - réponses
Saisons Poste Sélections But Nom % Correct
2017- Attaquant 68 38 Kylian Mbappé
100%
2011- Attaquant 122 53 Olivier Giroud
98%
2014- Attaquant 119 43 Antoine Griezmann
97%
1994-2006 Milieu 108 31 Zinedine Zidane
97%
1997-2010 Attaquant 123 51 Thierry Henry
94%
2007-2022 Attaquant 97 37 Karim Benzema
92%
1976-1987 Milieu 72 41 Michel Platini
92%
1653-1960 Attaquant 21 30 Just Fontaine
80%
2013- Milieu 91 11 Paul Pogba
79%
1998-2008 Attaquant 71 34 David Trezeguet
73%
2006-2014 Attaquant 81 16 Franck Ribéry
72%
1986-1995 Attaquant 54 30 Jean-Pierre Papin
69%
1989-2000 Défenseur 97 16 Laurent Blanc
65%
1993-2002 Milieu 82 28 Youri Djorkaeff
56%
1952-1962 Attaquant 45 18 Raymond Kopa
55%
1987-1995 Attaquant 45 20 Eric Cantona
51%
1998-2010 Attaquant 69 14 Nicolas Anelka
49%
1999-2006 Attaquant 92 26 Sylvain Wiltord
47%
1996-2004 Milieu 79 14 Robert Pirès
42%
2002-2010 Attaquant 49 10 Sydney Govou
29%
1975-1986 Attaquant 49 15 Dominique Rocheteau
23%
1973-1984 Attaquant 38 12 Bernard Lacombe
15%
1976-1984 Attaquant 52 13 Didier Six
15%
1952-1961 Attaquant 37 18 Roger Piantoni
11%
1980-1988 Attaquant 33 11 Yannick Stopyra
10%
1933-1938 Attaquant 25 21 Jean Nicolas
9%
1920-1931 Attaquant 35 20 Paul Nicolas
9%
1966-1975 Attaquant 30 15 Hervé Revelli
8%
1953-1961 Attaquant 46 22 Jean Vincent
8%
1951-1958 Attaquant 13 11 Thadée Cisowski
4%
1967-1974 Attaquant 36 10 Charly Loubet
2%
1911-1913 Attaquant 11 15 Eugène Maes
2%
1952-1960 Attaquant 21 10 Joseph Ujlaki
2%
1933-1947 Attaquant 22 10 Roger Courtois
2%
1929-1940 Attaquant 24 14 Emile Veinante
1%
1945-1949 Attaquant 15 11 Ernest Vaast
1%
1944-1952 Attaquant 32 19 Jean Baratte
1%
1920-1929 Attaquant 41 12 Jules Devaquez
1%
1955-1963 Attaquant 33 12 Maryan Wisniewsky
0%
Aucun quiz correspondant
Distribution des résultats
% des personnes avec chaque résultat
Percentile par nombre de réponses
Votre historique - résultats
Vous n’avez pas pris ce quiz